Представление документа в формате RUSMARC

Поле Инд. ПП Название Значение
Тип записи a
Библиографический уровень a
001 Контрольный номер 6e5790c3d41f4b5b91f5c133ec1f678e
005 Дата корректировки 20190127081218.3
100 a Данные общей обработки 20190124 ||| 0rusy0189 ca
101 0_ a Язык текста rus
102 a Страна публикации RU
200 1_ f Первые сведения об ответственности Ю.Ю. Жижерина
a Заглавие Пособия на работников с детьми. Порядок оформления и оплаты
b Общее обозначение материала Текст
210 1_ d Дата издания 2018
461 _0 1 2000
a Вопросы трудового права
463 _0 1 2000
a № 11
v С. 48-63
1 2101
d 2018
1 00191358613f2c044d3b027665a36895ace
606 a Основная рубрика Трудовое право
610 0_ a Ключевые слова ОТДЕЛЬНЫЕ КАТЕГОРИИ РАБОТНИКОВ
a Ключевые слова ПРАВА СОЦИАЛЬНЫЕ
a Ключевые слова СОЦИАЛЬНОЕ ОБЕСПЕЧЕНИЕ
700 _1 a Фамилия Жижерина
b Имя Ю.Ю.
801 _0 a Страна RU
b Организация РГУП
c Дата составления 20190124
g Правила каталогизации PSBO
801 _1 a Страна RU
b Организация РГУП
c Дата составления 20190124
g Правила каталогизации PSBO
901 t Тип документа b
w Контрольный № источника 91358613f2c044d3b027665a36895ace
905 a Дата ввода 20190124